Podstata krízy hypoték v USA a jej dopad na ekonomiku Slovenska
Príčiny vzniku hypotekárnej krízy v USA a jej dopady na slovenskú i celosvetovú ekonomiku. Ekonomické, politické a psychologické príčiny. Následky sú a budú silne negatívne pre celý svet, pre Slovensko len o niečo menej, vďaka menšej rozvinutosti finančných trhov na Slovensku (a tým ich neschopnosti...
Saved in:
| Main Author: | |
|---|---|
| Format: | Book Chapter |
| Language: | Slovak |
| Subjects: | |
| Tags: |
No Tags, Be the first to tag this record!
|
MARC
| LEADER | 00000naa$a2200000$$$4500 | ||
|---|---|---|---|
| 001 | 0092689 | ||
| 005 | 20221207083356.5 | ||
| 041 | 0 | |a slo | |
| 044 | |a SK | ||
| 245 | 1 | 0 | |a Podstata krízy hypoték v USA a jej dopad na ekonomiku Slovenska |c Miloš Kráľ |
| 520 | |a Príčiny vzniku hypotekárnej krízy v USA a jej dopady na slovenskú i celosvetovú ekonomiku. Ekonomické, politické a psychologické príčiny. Následky sú a budú silne negatívne pre celý svet, pre Slovensko len o niečo menej, vďaka menšej rozvinutosti finančných trhov na Slovensku (a tým ich neschopnosti plne absorbovať hlavné toxické finančné produkty z dielne US firiem, ktoré ju zapríčinili a vyvolali). | ||
| 610 | 2 | 0 | |a kríza finančná |
| 610 | 2 | 0 | |a kríza hospodárska |
| 610 | 2 | 0 | |a USA |
| 610 | 2 | 0 | |a hospodárstvo svetové |
| 610 | 2 | 0 | |a Slovensko |
| 100 | 1 | |a Kráľ, Miloš | |